000 01188nam0a22002651 4500
001 v19\rc\1579279
005 20260406180458.0
035 _a(NLR Aleph) 004706519
090 _a4140620
_c4140620
100 _a20061002d1893 |||y0rusy50 ca
101 0 _arus
102 _aRU
105 _ay c |||||
200 1 _aПостепенность открытия ж. дорог для общего пользования с указанием их длины. 1838-1893 гг.
210 _aСанкт-Петербург
_cтип. бр. Пантелеевых
_d1893
215 _a14 с.
_d26
300 _aПеч. по распоряжению Стат. отд. М-ва п. с.
309 _aБез тит. л. и обл.
532 1 2 _aПостепенность открытия железных дорог для общего пользования с указанием их длины. 1838-1893 гг.
712 0 1 _aРоссия
_bМинистерство путей сообщения
_bСтатистический отдел
_3RU\NLR\AUTH\889945043
_9385370
801 0 _aRU
_bNLR
_gpsbo
801 1 _aRU
_bProSoft-M
_2rusmarc
852 _aNLR
_j18.181.1.166
942 _cBOOK
980 _aNB